|
|
|
|
| LEADER |
00835naa a2200205 i 4500 |
| 001 |
acta59731 |
| 005 |
20230628073626.0 |
| 008 |
191010s2004 hu o 1|| eng d |
| 040 |
|
|
|a SZTE Egyetemi Kiadványok Repozitórium
|b hun
|
| 041 |
|
|
|a eng
|
| 100 |
1 |
|
|a Balogh András
|
| 245 |
1 |
0 |
|a Correctness-proven code generation for MDA
|h [elektronikus dokumentum] :
|b [abstract] /
|c Balogh András
|
| 260 |
|
|
|a University of Szeged
|b Szeged
|c 2004
|
| 300 |
|
|
|a 23
|
| 490 |
0 |
|
|a Conference of PhD Students in Computer Science
|v 4
|
| 650 |
|
4 |
|a Természettudományok
|
| 650 |
|
4 |
|a Számítás- és információtudomány
|
| 695 |
|
|
|a Számítástechnika - előadáskivonat
|
| 711 |
|
|
|a Conference of PhD students in computer science (4.)
|c Szeged
|d 2004. július 1-4.
|
| 856 |
4 |
0 |
|u http://acta.bibl.u-szeged.hu/59731/1/cscs_2004_023.pdf
|z Dokumentum-elérés
|